French Cities By Picture - Statistics

General Stats
  • This quiz has been taken 66 times
  • The average score is 9 of 16
Answer Stats
Picture Answer % Correct
Paris
100%
Nice
91%
Lyon
83%
Marseille
79%
Strasbourg
76%
Toulouse
76%
Montpellier
62%
Nantes
62%
Le Havre
52%
Rennes
52%
Dijon
40%
Orléans
40%
Angers
31%
Tours
28%
Amiens
26%
Limoges
14%
No matching quizzes found
Score Distribution
Percent of People with Each Score
Percentile by Number Answered
Your Score History
You have not taken this quiz